Catalog

Record Details

Catalog Search



Venkovské sídlo  Cover Image Book Book

Venkovské sídlo / John Galsworthy ; z angl. orig. přel. Květa Milcová ; vysvětl. opatřil a doslov naps. Radoslav Nenadál

Galsworthy, John, 1867-1933 (Author). Nenadál, Radoslav, 1929- (Author of afterword, colophon, etc.). Milcová, Květa, 1897-1956 (Translator).

Summary:

Román, napsaný v období největšího rozmachu Galsworthyho tvůrčích sil, je ideově blízký "Ostrovu pokrytců". Sbližuje je zejména analýza pokrytectví, konservatizmu a šosáctví anglických vyšších vrstev, reprezentovaných v románě nejvýrazněji rodinou venkovského šlechtice Horáce Peudyce. Konflikt jeho syna Jiřího s rodinnými tradicemi je sice vyřešen smírně, ale Galsworthyho ironie je sarkasmus a zejména pronikavý realistický pohled odhalují naprosto přesvědčivě prohnilost anglických "venkovských sídel".

Record details

  • Physical Description: 263 s. ; 8°
  • Edition: 1. vyd. v SNKLHU
  • Publisher: Praha : SNKLHU, 1956

Content descriptions

General Note:
69400 výt.
Rejstřík výslovnosti

Available copies

  • 1 of 1 copy available at Common Catalog SPOK.

Holds

  • 0 current holds with 1 total copy.
Show Only Available Copies
Location Call Number / Copy Notes Barcode Shelving Location Status Due Date
Hospic Dobrého Pastýře BE-G
Tematická katagorie: Beletrie (BE)
2045957011400 Knihovna Available -

Electronic resources

Version of Resource: Digitalizovaný dokument


LDR 01835nam a22003491 4500
00128750
003CZ-PrJAB
00520170917111542.0
007ta
008981103s1956 xr 000 1 cze
015 . ‡acnb000721249
020 . ‡q(Brož.)
035 . ‡a(CZ PrNK)bk195601046
035 . ‡a(OCoLC)85451123
040 . ‡aABA001 ‡bcze ‡cBOA001 ‡dABA001
0411 . ‡acze ‡heng
1001 . ‡aGalsworthy, John, ‡d1867-1933 ‡7jn19990002542 ‡4aut
24510. ‡aVenkovské sídlo / ‡cJohn Galsworthy ; z angl. orig. přel. Květa Milcová ; vysvětl. opatřil a doslov naps. Radoslav Nenadál
250 . ‡a1. vyd. v SNKLHU
260 . ‡aPraha : ‡bSNKLHU, ‡c1956 ‡e(Brno : ‡fBrněn. knihtisk., z.z.)
300 . ‡a263 s. ; ‡c
4901 . ‡aKlub čtenářů ; ‡vsv. 45
500 . ‡a69400 výt.
500 . ‡aRejstřík výslovnosti
520 . ‡aRomán, napsaný v období největšího rozmachu Galsworthyho tvůrčích sil, je ideově blízký "Ostrovu pokrytců". Sbližuje je zejména analýza pokrytectví, konservatizmu a šosáctví anglických vyšších vrstev, reprezentovaných v románě nejvýrazněji rodinou venkovského šlechtice Horáce Peudyce. Konflikt jeho syna Jiřího s rodinnými tradicemi je sice vyřešen smírně, ale Galsworthyho ironie je sarkasmus a zejména pronikavý realistický pohled odhalují naprosto přesvědčivě prohnilost anglických "venkovských sídel".
7001 . ‡aNenadál, Radoslav, ‡d1929- ‡7jk01083165 ‡4aft
7001 . ‡aMilcová, Květa, ‡d1897-1956 ‡7jk01081675 ‡4trl
7650 . ‡tCountry house (The works of John Galsworthy) ‡9Česky
830 0. ‡aKlub čtenářů (SNKLHU)
85641. ‡uhttp://kramerius4.nkp.cz/search/handle/uuid:cdd3ef00-48e7-11e2-8910-005056827e51 ‡yDigitalizovaný dokument
910 . ‡aBNE702
964 . ‡aŠlechta anglická - život ve stol. 19., 2. pol. - romány
998 . ‡a000721249
901 . ‡a28750 ‡b ‡c28750 ‡tbiblio

Additional Resources